Normal view
MARC view
- United Nations
Entry Corporate Name
001 - CONTROL NUMBER
- control field: 129512
003 - CONTROL NUMBER IDENTIFIER
- control field: NUST
005 - DATE AND TIME OF LATEST TRANSACTION
- control field: 20250709130636.0
008 - FIXED-LENGTH DATA ELEMENTS
- fixed length control field: 250709|| aca||aabn | a|a d
040 ## - CATALOGING SOURCE
- Original cataloging agency: NUST
- Transcribing agency: NUST
110 ## - HEADING--CORPORATE NAME
- Corporate name or jurisdiction name as entry element: United Nations
- General subdivision: Peacekeeping forces
- Geographic subdivision: South Sudan
670 ## - SOURCE DATA FOUND
- Source citation: Work cat.: (NUST)0: Millar, Mark, 1979- author. 129510, The peacekeeping failure in South Sudan :
